Geography - Multiple Picture Choice - Statistics

General Stats
  • This quiz has been taken 2,584 times
  • The average score is 9 of 15
Answer Stats
Question Answer % Correct
Which of these bridges would you find in the United States?
       (Hover over an image to see a larger version)
96%
Which of these is the flag for the United Nations?
       (Hover over an image to see a larger version)
89%
Which of these is the Caspian Sea?
       (Hover over an image to see a larger version)
74%
Which of these islands is not an entire country?
       (Hover over an image to see a larger version)
71%
What is the shape of Bulgaria?
       (Hover over an image to see a larger version)
67%
Which of these flags represents a country not in the European Union?
       (Hover over an image to see a larger version)
64%
Which of these is of a country starting with M?
       (Hover over an image to see a larger version)
62%
Which of these rivers lies in the Southern Hemisphere?
          (Hover over an image to see a larger version)
60%
Which of these is a picture of a U.S. State on the West Coast?
          (Hover over an image to see a larger version)
58%
Which of these cities is the Capital City of a country?
          (Hover over an image to see a larger version)
57%
Which picture is not of somewhere in Europe?
       (Hover over an image to see a larger version)
56%
Which of these flags represents a country in Africa?
          (Hover over an image to see a larger version)
46%
Which of these is a picture of a Chinese city?
          (Hover over an image to see a larger version)
45%
Which of these African Countries has the highest population?
          (Hover over an image to see a larger version)
37%
Which of these is a picture of the mountain Lhotse?
       (Hover over an image to see a larger version)
21%
No matching quizzes found
Score Distribution
Percent of People with Each Score
Percentile by Number Answered
Your Score History
You have not taken this quiz